[Event "World Rapid 2022"]
[Site "Almaty KAZ"]
[Date "2022.12.27"]
[Round "6.88"]
[White "Elier, Ali"]
[Black "Everett, Elijah"]
[Result "1-0"]
[WhiteElo "2165"]
[BlackElo "2202"]
[WhiteFideId "16217543"]
[BlackFideId "12973696"]
[EventDate "2022.12.26"]

1. e4 c5 2. d4 cxd4 3. c3 Nf6 4. e5 Nd5 5. Nf3 e6 6. cxd4 d6 7. a3 Bd7 8. Bd3
Bc6 9. O-O Nd7 10. Qe2 Be7 11. Bd2 Rc8 12. Nc3 dxe5 13. dxe5 O-O 14. Rad1 a6 15.
Bb1 Nxc3 16. Bxc3 Bb5 17. Qe4 g6 18. Rfe1 Bxa3 19. Qxb7 Bc5 20. Qe4 Bc6 21. Qg4
Qe7 22. Ng5 Rfd8 23. Rd3 Nf8 24. Rh3 Qa7 25. Qh4 Bd4 26. Bb4 h5 27. Qg3 Rb8 28.
Bc3 Bxc3 29. bxc3 Rb2 30. Rxh5 Rdd2 31. Nh3 Re2 32. Rf1 Bb5 33. Rh4 Qc5 34. c4
Bxc4 35. Qc3 Rb4 36. Bd3 Re3 37. fxe3 Qxe3+ 38. Nf2 1-0

[Event "World Rapid 2022"]
[Site "Almaty KAZ"]
[Date "2022.12.27"]
[Round "6.89"]
[White "Uruci, Endrit"]
[Black "Abdilkhair, Abilmansur"]
[Result "0-1"]
[WhiteTitle "FM"]
[BlackTitle "FM"]
[WhiteElo "2297"]
[BlackElo "2278"]
[WhiteFideId "22100199"]
[BlackFideId "13716417"]
[EventDate "2022.12.26"]

1. b3 e5 2. Bb2 d6 3. e3 g6 4. d4 Nd7 5. Nf3 Bg7 6. c4 Ne7 7. Nc3 O-O 8. Be2 Nf5
9. O-O exd4 10. Nxd4 Nc5 11. Qd2 a5 12. Bf3 Nh4 13. Be2 Re8 14. g3 Nf5 15. Bf3
Nxd4 16. exd4 Qf6 17. Rfe1 Bh3 18. Bg4 Bxg4 19. Nd5 Qf3 20. dxc5 Bh3 21. Nf4 Bd7
22. Bxg7 Bc6 23. Nd5 Kxg7 24. Qd4+ f6 25. cxd6 cxd6 26. Rad1 a4 27. Qb6 axb3 28.
Qc7+ Kh6 29. axb3 Ra2 30. Rf1 Rxf2 31. Rxf2 Qxd1+ 32. Rf1 Qd4+ 33. Kh1 Re2 0-1

[Event "World Rapid 2022"]
[Site "Almaty KAZ"]
[Date "2022.12.27"]
[Round "7.2"]
[White "Nepomniachtchi, Ian"]
[Black "Abdusattorov, Nodirbek"]
[Result "0-1"]
[WhiteTitle "GM"]
[BlackTitle "GM"]
[WhiteElo "2793"]
[BlackElo "2713"]
[WhiteFideId "4168119"]
[BlackFideId "14204118"]
[EventDate "2022.12.26"]

1. e4 c5 2. Nf3 e6 3. d4 cxd4 4. Nxd4 Nf6 5. Nc3 Nc6 6. Ndb5 Bb4 7. a3 Bxc3+ 8.
Nxc3 d5 9. Bd3 dxe4 10. Nxe4 Nxe4 11. Bxe4 Qxd1+ 12. Kxd1 Bd7 13. Kd2 e5 14. Re1
f6 15. b3 O-O-O 16. Kc3 Ne7 17. Kb2 Bc6 18. Bd3 h5 19. h4 Kc7 20. a4 a5 21. f4
e4 22. Bxe4 Bxe4 23. Rxe4 Nf5 24. Be3 Nxh4 25. Rc4+ Kb8 26. Bf2 Nf5 27. Rc5 g6
28. Rxa5 Rd2 29. Ba7+ Kc7 30. Rc5+ Kd7 31. Rg1 h4 32. Kc1 Rd6 33. a5 Ra8 34.
Rxf5 gxf5 35. Bf2 Rxa5 36. Kb2 Rd2 37. Bxh4 Rc5 38. Rc1 Ke6 39. Be1 Rxg2 40. Bc3
Re2 41. Rh1 Rf2 42. Rh6 Rxf4 43. Rxf6+ Kd5 44. Be1 Rf1 45. c4+ Ke4 46. Bb4 Rc6
47. Rf7 Rf2+ 48. Kc3 Rf3+ 49. Kb2 b6 50. Re7+ Kd3 51. Ka3 f4 52. Ka4 Rf1 53. Rf7
Kc2 54. Rd7 Ra1+ 55. Kb5 Rf6 56. Rd2+ Kxb3 57. Rd3+ Kc2 58. Rd2+ Kc1 59. Rf2 Rb1
60. Ka4 f3 61. c5 bxc5 0-1

[Event "World Rapid 2022"]
[Site "Almaty KAZ"]
[Date "2022.12.27"]
[Round "7.3"]
[White "Murzin, Volodar"]
[Black "Mamedyarov, Shakhriyar"]
[Result "1/2-1/2"]
[WhiteTitle "GM"]
[BlackTitle "GM"]
[WhiteElo "2561"]
[BlackElo "2740"]
[WhiteFideId "44155573"]
[BlackFideId "13401319"]
[EventDate "2022.12.26"]

1. e4 e5 2. Nf3 Nc6 3. Nc3 Nf6 4. d4 Bb4 5. d5 Ne7 6. Nxe5 d6 7. Bb5+ c6 8. dxc6
O-O 9. Nd7 Nxe4 10. O-O Bxd7 11. Nxe4 bxc6 12. a3 Ba5 13. Bd3 d5 14. Nc5 Bc8 15.
Bf4 Bb6 16. b4 Ng6 17. Bg3 Qf6 18. Qh5 a5 19. Rae1 axb4 20. axb4 h6 21. Bxg6
fxg6 22. Qd1 Bf5 23. Be5 Qf7 24. c3 g5 25. Bd4 Ra2 26. Ne6 Bxe6 27. Bxb6 Re8 28.
Bd4 1/2-1/2

[Event "World Rapid 2022"]
[Site "Almaty KAZ"]
[Date "2022.12.27"]
[Round "7.7"]
[White "Van Foreest, Jorden"]
[Black "Gareyev, Timur"]
[Result "1/2-1/2"]
[WhiteTitle "GM"]
[BlackTitle "GM"]
[WhiteElo "2690"]
[BlackElo "2602"]
[WhiteFideId "1039784"]
[BlackFideId "14200937"]
[EventDate "2022.12.26"]

1. e4 e5 2. Nf3 Nc6 3. Bc4 Nf6 4. d3 h6 5. a4 a5 6. Nc3 Bc5 7. Be3 Bxe3 8. fxe3
d6 9. Qe2 Nb4 10. h3 c6 11. d4 Qe7 12. O-O-O O-O 13. g4 Be6 14. d5 cxd5 15. exd5
Bd7 16. g5 hxg5 17. Nxg5 Rfc8 18. Rdf1 Bxa4 19. Nxa4 b5 20. Nb6 bxc4 21. Nxa8 c3
22. Rxf6 cxb2+ 23. Kb1 Qxf6 24. Qh5 Rxc2 25. Qh7+ Kf8 26. Qxc2 Qxg5 27. Qc8+ Ke7
28. Rf1 Qg6+ 29. Qf5 Qxf5+ 30. Rxf5 Nxd5 31. Kxb2 Nxe3 32. Rg5 Kf6 33. Rg3 Nd5
34. Kb3 g6 35. Kc4 Ke6 36. Ra3 Nf4 37. Nc7+ Kf5 38. Nd5 Ke4 39. Nc3+ Kf5 40.
Rxa5 Nxh3 41. Ra6 Nf4 42. Rxd6 g5 43. Rd8 g4 44. Rg8 Ng6 45. Kd3 Kf4 46. Rg7 Kf3
47. Rxf7+ Nf4+ 48. Kd2 g3 49. Ne2 g2 50. Ke1 Ke3 51. Ng1 Nd3+ 52. Kd1 Nf4 53.
Ke1 Nd3+ 54. Kd1 Nf4 55. Rf5 Kf2 56. Ne2 g1=R+ 57. Nxg1 Kxg1 58. Rxe5 Kf2 59.
Kd2 Kf3 60. Ra5 Ke4 61. Ra4+ Ke5 62. Ke3 Nd5+ 63. Kf3 Nc3 64. Rc4 Nd5 65. Re4+
Kd6 66. Re1 Kc5 67. Ke4 Nc3+ 68. Kd3 Nd5 69. Re5 Kd6 70. Kd4 Nc7 71. Rf5 Ne6+
72. Kc4 Nc7 73. Rh5 Ne6 74. Rd5+ Ke7 75. Ra5 Kd6 76. Ra6+ Ke5 77. Rxe6+ Kxe6 1/2-1/2

[Event "World Rapid 2022"]
[Site "Almaty KAZ"]
[Date "2022.12.27"]
[Round "7.8"]
[White "Sarana, Alexey"]
[Black "Quparadze, Giga"]
[Result "1/2-1/2"]
[WhiteTitle "GM"]
[BlackTitle "GM"]
[WhiteElo "2668"]
[BlackElo "2470"]
[WhiteFideId "24133795"]
[BlackFideId "13602250"]
[EventDate "2022.12.26"]

1. d4 Nf6 2. c4 e6 3. Nc3 Bb4 4. e3 O-O 5. Bd3 d5 6. a3 dxc4 7. Bxc4 Bxc3+ 8.
bxc3 c5 9. Ne2 Qc7 10. Bd3 e5 11. dxe5 Qxe5 12. O-O Bf5 13. Bxf5 Qxf5 14. f3 Nc6
15. e4 Qe6 16. Qa4 Ne5 17. Bg5 Nfd7 18. Nf4 Qc4 19. Qxc4 Nxc4 20. Rfd1 Nde5 21.
Nd5 f6 22. Bf4 Rf7 23. a4 b6 24. h4 Re8 25. Bg3 Nb2 26. Re1 Nbc4 27. Ra2 Rd7 28.
Rd1 Red8 29. Bxe5 fxe5 30. Kf2 Kf7 31. Ke2 Rd6 32. Kd3 Na5 33. Rf1 Nc6 34. Raf2
Ne7 35. c4 Rg6 36. g4 Rh6 37. h5 g5 38. a5 b5 39. cxb5 Nxd5 40. exd5 Rxd5+ 41.
Kc4 Rd4+ 42. Kxc5 Rhd6 43. Rb1 Ke6 44. Re2 Rd7 45. b6 R7d5+ 46. Kc6 Rxa5 47.
bxa7 Rxa7 48. Rb8 Rd6+ 49. Kb5 Rd5+ 50. Kb4 Rd4+ 51. Kb5 Rd5+ 52. Kb6 Rf7 53.
Re8+ Re7 54. Rxe7+ Kxe7 55. Kc6 Ke6 56. Re3 h6 57. Ra3 e4 58. fxe4 Rd4 59. Kc5
Rxe4 60. Ra6+ Ke5 61. Rxh6 Rxg4 62. Rh8 Rh4 63. h6 Kf6 64. Kd5 Kg6 65. Ke5 Rxh6
66. Rg8+ 1/2-1/2

[Event "World Rapid 2022"]
[Site "Almaty KAZ"]
[Date "2022.12.27"]
[Round "7.9"]
[White "Rapport, Richard"]
[Black "Niemann, Hans Moke"]
[Result "0-1"]
[WhiteTitle "GM"]
[BlackTitle "GM"]
[WhiteElo "2740"]
[BlackElo "2698"]
[WhiteFideId "738590"]
[BlackFideId "2093596"]
[EventDate "2022.12.26"]

1. e4 e5 2. Bc4 Nf6 3. d3 Nc6 4. Nc3 Na5 5. Bb3 Nxb3 6. axb3 d6 7. f4 exf4 8.
Bxf4 Be7 9. Nf3 O-O 10. O-O d5 11. e5 Ne8 12. d4 Bf5 13. Kh1 c6 14. Ne2 Nc7 15.
Ng3 Bg6 16. c3 Ne6 17. Be3 f5 18. exf6 Bxf6 19. b4 a5 20. bxa5 Rxa5 21. Rxa5
Qxa5 22. Ne5 Bxe5 23. Rxf8+ Nxf8 24. dxe5 Qa2 25. Qc1 Qc4 26. Qa1 h5 27. Qa8 d4
28. Bxd4 h4 29. b3 Qf7 30. e6 Qxe6 31. Qxb7 Qe1+ 32. Bg1 hxg3 0-1

[Event "World Rapid 2022"]
[Site "Almaty KAZ"]
[Date "2022.12.27"]
[Round "7.11"]
[White "Duda, Jan-Krzysztof"]
[Black "Martirosyan, Haik M."]
[Result "1-0"]
[WhiteTitle "GM"]
[BlackTitle "GM"]
[WhiteElo "2729"]
[BlackElo "2682"]
[WhiteFideId "1170546"]
[BlackFideId "13306553"]
[EventDate "2022.12.26"]

1. d4 Nf6 2. c4 e6 3. Nf3 d5 4. Nc3 Nbd7 5. cxd5 exd5 6. Bf4 c6 7. h3 Ne4 8. e3
Qa5 9. Qb3 Bb4 10. Rc1 c5 11. a3 Bxc3+ 12. bxc3 c4 13. Qc2 Nb6 14. Ne5 Nf6 15.
g4 Qxa3 16. Bg2 Be6 17. O-O O-O 18. Ra1 Qe7 19. Rfb1 Ne4 20. f3 Nd6 21. g5 f6
22. gxf6 gxf6 23. Ng4 Nf7 24. Ra5 Kh8 25. e4 Rg8 26. Re1 Bxg4 27. fxg4 Ng5 28.
e5 Raf8 29. Re3 Nf7 30. Rxa7 fxe5 31. Rxe5 Nxe5 32. Bxe5+ Rg7 33. Qb1 Rf6 34.
Qxb6 1-0

[Event "World Rapid 2022"]
[Site "Almaty KAZ"]
[Date "2022.12.27"]
[Round "7.12"]
[White "Maze, Sebastien"]
[Black "Vachier-Lagrave, Maxime"]
[Result "1/2-1/2"]
[WhiteTitle "GM"]
[BlackTitle "GM"]
[WhiteElo "2538"]
[BlackElo "2737"]
[WhiteFideId "613762"]
[BlackFideId "623539"]
[EventDate "2022.12.26"]

1. e4 e5 2. Nf3 Nf6 3. Nc3 Nc6 4. Bb5 Nd4 5. Nxd4 exd4 6. Nd5 Nxd5 7. exd5 Qe7+
8. Qe2 b6 9. O-O Qxe2 10. Bxe2 Bb7 11. Bf3 O-O-O 12. d3 Bd6 13. Re1 Rde8 14. Bd2
Kd8 15. h4 Rxe1+ 16. Rxe1 Re8 17. Rxe8+ Kxe8 18. g4 g6 19. Be4 f6 20. f4 Kf7 21.
Kf2 h6 22. b3 a5 23. a4 Bc5 24. Kf3 Kg7 25. Be1 d6 26. h5 g5 27. c4 dxc3 28.
Bxc3 gxf4 29. Kxf4 Ba3 30. Kf3 Bb4 31. Bd4 Bd2 32. Bb2 Bb4 33. Bd4 Bd2 34. Bb2
Bb4 35. Bc1 Bc3 36. Be3 f5 37. gxf5 Bf6 1/2-1/2

[Event "World Rapid 2022"]
[Site "Almaty KAZ"]
[Date "2022.12.27"]
[Round "7.13"]
[White "Predke, Alexandr"]
[Black "Grischuk, Alexander"]
[Result "1/2-1/2"]
[WhiteTitle "GM"]
[BlackTitle "GM"]
[WhiteElo "2684"]
[BlackElo "2745"]
[WhiteFideId "24107581"]
[BlackFideId "4126025"]
[EventDate "2022.12.26"]

1. Nf3 d5 2. g3 Nf6 3. Bg2 c6 4. O-O Bg4 5. h3 Bh5 6. c4 e6 7. d4 Be7 8. Ne5 O-O
9. Nc3 Nbd7 10. f4 Bg6 11. Nxg6 hxg6 12. Qd3 c5 13. cxd5 cxd4 14. dxe6 Nc5 15.
exf7+ Rxf7 16. Qxg6 dxc3 17. bxc3 Bf8 18. Be3 Qe8 19. Bd4 Re7 20. Qf5 Nce4 21.
Kh2 Rc8 22. e3 b6 23. a4 g6 24. Qb5 Qxb5 25. axb5 Bg7 26. Ra3 Nd6 27. Bc6 Nc4
28. Ra2 Nxe3 29. Rfa1 Rcc7 30. Be5 Nfg4+ 31. hxg4 Bxe5 32. fxe5 Nxg4+ 33. Kg2
Nxe5 34. Bd5+ Kg7 35. c4 Ng4 36. Kf3 Ne5+ 37. Kg2 Ng4 38. Kf3 Ne5+ 1/2-1/2

[Event "World Rapid 2022"]
[Site "Almaty KAZ"]
[Date "2022.12.27"]
[Round "7.14"]
[White "Artemiev, Vladislav"]
[Black "Tsydypov, Zhamsaran"]
[Result "1-0"]
[WhiteTitle "GM"]
[BlackTitle "GM"]
[WhiteElo "2701"]
[BlackElo "2534"]
[WhiteFideId "24101605"]
[BlackFideId "4108566"]
[EventDate "2022.12.26"]

1. Nf3 c5 2. c4 g6 3. d4 Bg7 4. e4 Nc6 5. dxc5 Qa5+ 6. Bd2 Qxc5 7. Nc3 Nf6 8.
Be2 d6 9. h3 Qb6 10. O-O O-O 11. b3 Nd7 12. Nd5 Qd8 13. Bc3 Bxc3 14. Nxc3 Nde5
15. Qd2 Nxf3+ 16. Bxf3 Kg7 17. Rad1 Qa5 18. Be2 Be6 19. f4 f6 20. Nd5 Qxd2 21.
Rxd2 Rac8 22. Bg4 Bxg4 23. hxg4 f5 24. exf5 gxf5 25. gxf5 Rxf5 26. Re1 e5 27.
fxe5 dxe5 28. Ne3 Rf4 29. Rd7+ Kh8 30. Rxb7 Rg8 31. Nd5 Rfg4 32. Re2 R4g7 33.
Rxg7 Kxg7 34. b4 Rc8 35. a3 Kf8 36. Nf6 Kg7 37. Ng4 h5 38. Ne3 Nd4 39. Rf2 Kg6
40. Kh2 a5 41. b5 a4 42. b6 Ne6 43. Nd5 Kg7 44. Re2 1-0

[Event "World Rapid 2022"]
[Site "Almaty KAZ"]
[Date "2022.12.27"]
[Round "7.15"]
[White "Esipenko, Andrey"]
[Black "Chigaev, Maksim"]
[Result "1/2-1/2"]
[WhiteTitle "GM"]
[BlackTitle "GM"]
[WhiteElo "2678"]
[BlackElo "2632"]
[WhiteFideId "24175439"]
[BlackFideId "4108116"]
[EventDate "2022.12.26"]

1. Nf3 Nf6 2. g3 g6 3. Bg2 Bg7 4. d4 O-O 5. O-O d5 6. c4 c5 7. dxc5 dxc4 8. Na3
c3 9. Nd4 Ne4 10. Nab5 cxb2 11. Bxb2 Nxc5 12. Qc2 Nbd7 13. Rfd1 a6 14. Na3 Qa5
15. Nb3 Nxb3 16. axb3 Bxb2 17. Qxb2 Qe5 1/2-1/2

[Event "World Rapid 2022"]
[Site "Almaty KAZ"]
[Date "2022.12.27"]
[Round "7.16"]
[White "Maghsoodloo, Parham"]
[Black "Suleymanli, Aydin"]
[Result "1-0"]
[WhiteTitle "GM"]
[BlackTitle "GM"]
[WhiteElo "2719"]
[BlackElo "2543"]
[WhiteFideId "12539929"]
[BlackFideId "13413937"]
[EventDate "2022.12.26"]

1. d4 d5 2. Nf3 Nf6 3. Bf4 c5 4. e3 Nc6 5. Nbd2 Bg4 6. c3 e6 7. Bb5 cxd4 8. exd4
Bd6 9. Bxd6 Qxd6 10. Qa4 Nd7 11. O-O O-O 12. Rfe1 Bh5 13. g3 Kh8 14. Bd3 f6 15.
Nh4 g5 16. Ng2 e5 17. Bf5 Nb6 18. Qc2 e4 19. g4 Bg6 20. f3 Bxf5 21. gxf5 exf3
22. Re6 f2+ 23. Kxf2 Qxh2 24. Nf1 Qc7 25. Qe2 Nc4 26. Ng3 Nd6 27. Ne3 Qd7 28.
Nxd5 Nxf5 29. Nxf5 Qxd5 30. Qe4 Qxe4 31. Rxe4 Rfe8 32. Rae1 Rxe4 33. Rxe4 Kg8
34. b4 a6 35. a4 Kf8 36. Re6 Kf7 37. d5 Ne5 38. Nd6+ Kg6 39. Nxb7 a5 40. b5 Rc8
41. d6 Nd7 42. Re7 Nb6 43. Rc7 Rb8 1-0

[Event "World Rapid 2022"]
[Site "Almaty KAZ"]
[Date "2022.12.27"]
[Round "7.17"]
[White "Yakubboev, Nodirbek"]
[Black "Anton Guijarro, David"]
[Result "1/2-1/2"]
[WhiteTitle "GM"]
[BlackTitle "GM"]
[WhiteElo "2647"]
[BlackElo "2675"]
[WhiteFideId "14203987"]
[BlackFideId "2285525"]
[EventDate "2022.12.26"]

1. c4 e5 2. Nc3 Bb4 3. Nd5 a5 4. a3 Bc5 5. Nf3 d6 6. e3 c6 7. d4 Ba7 8. Nc3 Nd7
9. Qc2 Ngf6 10. Be2 O-O 11. b3 Qe7 12. Bb2 Bb8 13. h3 e4 14. Nd2 d5 15. g4 Nb6
16. c5 Nbd7 17. Na4 Bc7 18. Qc3 h6 19. h4 Re8 20. O-O-O Nf8 21. Rdg1 N6h7 22.
Nb6 Bxb6 23. cxb6 Ng6 24. g5 hxg5 25. hxg5 Nxg5 26. Rh5 Nh3 27. Rf1 Qf6 28. f4
Bf5 29. Kb1 Nh4 30. Rh1 g6 31. Rxf5 Qxf5 32. Bf1 Nxf4 33. Rxh4 Nd3 34. Bxd3 exd3
35. e4 Qf2 36. Rh1 Qe2 37. e5 Kg7 38. Qc1 Rh8 39. Re1 Qg4 40. e6 Rae8 41. exf7
Re2 42. Rf1 Rf8 43. Nc4 Qe4 44. Ka1 Qg2 45. Rg1 Qf2 46. Ne5 d2 47. Rxg6+ Kh7 48.
Qh1+ Qh2 49. Rg1 d1=Q+ 50. Rxd1 Rxb2 51. Qxh2+ Rxh2 52. Rf1 Kg7 53. Rg1+ Kh7 54.
Rf1 Kg7 55. Rg1+ Kh7 56. Rf1 Kg7 57. Rg1+ Kh7 1/2-1/2

[Event "World Rapid 2022"]
[Site "Almaty KAZ"]
[Date "2022.12.27"]
[Round "7.18"]
[White "Tomashevsky, Evgeny"]
[Black "Lazavik, Denis"]
[Result "1/2-1/2"]
[WhiteTitle "GM"]
[BlackTitle "GM"]
[WhiteElo "2694"]
[BlackElo "2537"]
[WhiteFideId "4147235"]
[BlackFideId "13515110"]
[EventDate "2022.12.26"]

1. c4 Nf6 2. Nf3 e6 3. g3 d5 4. Bg2 Be7 5. O-O O-O 6. b3 c5 7. cxd5 Nxd5 8. Bb2
Nc6 9. d4 cxd4 10. Nxd4 Bd7 11. Na3 Nxd4 12. Qxd4 Bf6 13. Qd2 Bc6 14. Nc4 Ne7
15. Bxf6 Qxd2 16. Nxd2 gxf6 17. Rac1 Rfd8 18. Rfd1 f5 19. Nc4 Bxg2 20. Kxg2 Rac8
21. Rxd8+ Rxd8 22. Ne3 Nc6 23. f4 Rd2 24. Rc2 Rxc2 25. Nxc2 Kf8 26. Kf3 h5 27.
Ke3 Ke7 28. Nd4 Nb4 29. a3 Nd5+ 30. Kd3 h4 31. e4 fxe4+ 32. Kxe4 hxg3 33. hxg3
Nc3+ 34. Kd3 Nd5 35. Ke4 Nc3+ 1/2-1/2

[Event "World Rapid 2022"]
[Site "Almaty KAZ"]
[Date "2022.12.27"]
[Round "7.19"]
[White "Petrosian, Tigran L."]
[Black "Sankalp, Gupta"]
[Result "1-0"]
[WhiteTitle "GM"]
[BlackTitle "GM"]
[WhiteElo "2551"]
[BlackElo "2485"]
[WhiteFideId "13301616"]
[BlackFideId "5097010"]
[EventDate "2022.12.26"]

1. Nf3 d5 2. g3 c5 3. Bg2 Nf6 4. O-O e6 5. d3 Be7 6. Nbd2 O-O 7. e4 Nc6 8. Re1
b5 9. e5 Nd7 10. Nf1 b4 11. h4 Qb6 12. N1h2 Re8 13. h5 h6 14. Bf4 Bf8 15. g4 Ne7
16. g5 hxg5 17. Nxg5 Nf5 18. Qg4 Bb7 19. Nhf3 Nh6 20. Qg3 Nf5 21. Qg4 Nh6 22.
Qh3 Rac8 23. Rad1 a5 24. Nh4 c4 25. d4 b3 26. cxb3 cxb3 27. Qd3 f5 28. exf6 Nxf6
29. axb3 Ba6 30. Qg6 Qxb3 31. Rd2 Qb4 32. Bh3 e5 33. Bf5 Rc6 34. Rdd1 e4 35. Be5
Bd6 36. Qh7+ Nxh7 37. Bxh7+ Kf8 38. Ng6# 1-0

[Event "World Rapid 2022"]
[Site "Almaty KAZ"]
[Date "2022.12.27"]
[Round "7.20"]
[White "Sargsyan, Shant"]
[Black "Bluebaum, Matthias"]
[Result "1/2-1/2"]
[WhiteTitle "GM"]
[BlackTitle "GM"]
[WhiteElo "2645"]
[BlackElo "2657"]
[WhiteFideId "13306766"]
[BlackFideId "24651516"]
[EventDate "2022.12.26"]

1. d4 d5 2. c4 e6 3. Nf3 Nf6 4. g3 Nc6 5. Bg2 Bd6 6. O-O O-O 7. Nc3 dxc4 8. Qa4
e5 9. dxe5 Nxe5 10. Nxe5 Bxe5 11. Qxc4 c6 12. Rd1 Qe7 13. Be3 Be6 14. Qc5 Qxc5
15. Bxc5 Rfe8 16. e4 Nd7 17. Be3 Nb6 18. Bd4 Bxd4 19. Rxd4 a5 20. f4 f6 21. Kf2
Kf8 22. Rad1 Ke7 23. Bf1 Red8 24. Ke3 Rxd4 25. Rxd4 Nd7 26. Rd1 1/2-1/2

[Event "World Rapid 2022"]
[Site "Almaty KAZ"]
[Date "2022.12.27"]
[Round "7.21"]
[White "Cheng, Bobby"]
[Black "Shimanov, Aleksandr"]
[Result "1/2-1/2"]
[WhiteTitle "GM"]
[BlackTitle "GM"]
[WhiteElo "2583"]
[BlackElo "2581"]
[WhiteFideId "4300033"]
[BlackFideId "4198603"]
[EventDate "2022.12.26"]

1. d4 d5 2. c4 e6 3. Nf3 Nf6 4. g3 dxc4 5. Bg2 Nbd7 6. O-O c6 7. a4 a5 8. Qc2 b5
9. Ne5 Nxe5 10. dxe5 Nd5 11. axb5 cxb5 12. Nc3 Qb6 13. Nxd5 exd5 14. Bxd5 Ra7
15. Qe4 Bc5 16. Bc6+ Bd7 17. Bxd7+ Rxd7 18. Qa8+ Rd8 19. Qxa5 Qxa5 20. Rxa5 Kd7
21. Rxb5 Kc6 22. Ra5 Rd5 23. Kg2 Rxe5 24. Be3 Rhe8 25. Rc1 Bxe3 26. Rxc4+ Kd6
27. Rxe5 Rxe5 28. fxe3 Rxe3 29. Rc2 Rb3 30. Rd2+ Ke5 31. Kf2 h5 32. Rc2 g6 33.
Ke1 h4 34. gxh4 Rh3 35. Rc4 Rb3 36. h5 Rxb2 37. hxg6 fxg6 38. Kf2 Rb3 39. Rh4
Kf5 40. Rh8 g5 41. Rf8+ Kg6 42. Re8 Kf5 43. Re3 Rb1 44. Kg2 Rb2 45. Kg3 Rb4 46.
h3 Ra4 47. Rf3+ Kg6 48. Re3 Kf5 49. Re8 Ra1 50. Rf8+ Kg6 51. Kf2 Ra4 52. Rf3 Rb4
53. Ke3 Rb8 54. Kd2 Rd8+ 55. Rd3 Re8 56. Rf3 Kh5 57. Rg3 Rd8+ 58. Ke1 Re8 59. e3
Kh4 60. Kf2 Rf8+ 61. Kg2 Re8 62. Rg4+ Kh5 63. Kf3 Rf8+ 64. Ke4 Re8+ 65. Kd3 Rd8+
66. Rd4 Rf8 67. Ke2 Re8 68. Rd5 Kh4 69. Kf3 Rf8+ 70. Kg2 Re8 71. Rd4+ Kh5 72.
Kf3 Rf8+ 73. Ke2 Re8 74. Rd7 Kg6 75. Kf3 Rh8 76. Rd6+ Kf5 77. Kg3 Re8 78. Rd5+
Kg6 79. Kf3 Rh8 80. Kg3 Re8 81. Rd3 Kf6 82. Ra3 Kg6 83. Kg4 Re4+ 84. Kf3 Rh4 85.
Ra6+ Kf5 86. Ra5+ Kf6 87. Kg3 Re4 88. Ra3 Re8 89. Rb3 Kg6 90. Kf3 Rh8 91. Rb6+
Kf5 92. e4+ Ke5 93. Rb5+ Kf6 94. Kg3 Rh4 95. Rb6+ Kf7 96. Rb4 Kf6 97. Ra4 Kg6
98. Ra6+ Kf7 99. e5 Re4 100. Rf6+ Kg7 101. Re6 Kf7 102. Rf6+ Kg7 103. Re6 Rd4 1/2-1/2

[Event "World Rapid 2022"]
[Site "Almaty KAZ"]
[Date "2022.12.27"]
[Round "7.22"]
[White "Paravyan, David"]
[Black "Petrosyan, Manuel"]
[Result "1/2-1/2"]
[WhiteTitle "GM"]
[BlackTitle "GM"]
[WhiteElo "2586"]
[BlackElo "2621"]
[WhiteFideId "4194985"]
[BlackFideId "13300857"]
[EventDate "2022.12.26"]

1. e4 e5 2. Nf3 Nc6 3. Nc3 Nf6 4. d4 exd4 5. Nxd4 Bb4 6. Nxc6 bxc6 7. Bd3 O-O 8.
O-O d5 9. exd5 cxd5 10. h3 c6 11. Bf4 Bd6 12. Qd2 Bxf4 13. Qxf4 Be6 14. Rfe1 Qb8
15. Qxb8 Raxb8 16. b3 c5 17. Rad1 Rfc8 18. Ba6 Rc7 19. Bf1 h5 20. Re5 g6 21. Ne2
d4 22. c3 dxc3 23. Nxc3 c4 24. bxc4 Bxc4 25. Bxc4 Rxc4 26. Nd5 Nxd5 27. Rexd5
Rb2 28. R1d2 Rxd2 29. Rxd2 Ra4 30. g3 Kg7 31. h4 Kf6 32. Re2 Kf5 33. Kg2 a5 34.
Rc2 Ke4 35. Rc7 f6 36. Re7+ Kf5 37. Re2 Ra3 38. Rb2 a4 39. Rb5+ Ke4 40. Rb6 Ke5
41. Rb5+ Ke6 42. Rb6+ Kf7 43. Rb7+ Kf8 44. Rb8+ Kg7 45. Rb7+ Kh6 46. Rf7 f5 47.
Ra7 Rxa2 48. Kf3 a3 49. Ke3 Ra1 50. Kf3 Ra2 51. Ke3 Ra1 52. Kf3 1/2-1/2

[Event "World Rapid 2022"]
[Site "Almaty KAZ"]
[Date "2022.12.27"]
[Round "7.23"]
[White "Ter-Sahakyan, Samvel"]
[Black "Donchenko, Alexander"]
[Result "1/2-1/2"]
[WhiteTitle "GM"]
[BlackTitle "GM"]
[WhiteElo "2605"]
[BlackElo "2636"]
[WhiteFideId "13302531"]
[BlackFideId "24603295"]
[EventDate "2022.12.26"]

1. e4 c6 2. d4 d5 3. e5 Bf5 4. Nf3 e6 5. Be2 Nd7 6. O-O a5 7. a4 f6 8. c4 fxe5
9. dxe5 Bc5 10. Nbd2 Ne7 11. Nb3 Bb6 12. Nbd4 O-O 13. Be3 Bxd4 14. Nxd4 Nxe5 15.
g4 c5 16. Nxf5 exf5 17. Bxc5 fxg4 18. cxd5 Nf3+ 19. Bxf3 gxf3 20. Kh1 Rf5 21.
Rg1 Ng6 22. Be3 Qxd5 23. Rc1 Rd8 24. Qc2 Re8 25. Rcd1 Qf7 26. Qc3 Rd5 27. Rc1
Nh4 28. Rg3 Red8 29. h3 Rd3 30. Qe5 R3d5 31. Qc3 Ng6 32. Kh2 Rf5 33. Rcg1 Qd7
34. Rg4 Rh5 35. R1g3 Rf8 36. Qc4+ Kh8 37. Rd4 Qe7 38. Re4 Qd7 39. Rd4 Qc6 40.
Qxc6 bxc6 41. Rd6 c5 42. Rg4 Re5 43. Kg1 Ne7 44. Rf4 Rxf4 45. Rd8+ Ng8 46. Bxf4
Re1+ 47. Kh2 Re2 48. Kg3 Rxb2 49. Ra8 h6 50. Rxa5 Nf6 51. Kxf3 Rb3+ 52. Be3 Ra3
53. Rxc5 Rxa4 54. Kg2 Kh7 55. Rb5 Re4 1/2-1/2

[Event "World Rapid 2022"]
[Site "Almaty KAZ"]
[Date "2022.12.27"]
[Round "7.25"]
[White "Indjic, Aleksandar"]
[Black "Brunello, Sabino"]
[Result "1/2-1/2"]
[WhiteTitle "GM"]
[BlackTitle "GM"]
[WhiteElo "2636"]
[BlackElo "2519"]
[WhiteFideId "911925"]
[BlackFideId "813613"]
[EventDate "2022.12.26"]

1. c4 c6 2. Nf3 d5 3. d4 Nf6 4. Qc2 g6 5. Bf4 Bg7 6. e3 O-O 7. Nc3 c5 8. dxc5
Na6 9. cxd5 Nxc5 10. Bc4 Bf5 11. Qe2 Nce4 12. Nxe4 Bxe4 13. O-O Bxd5 14. Be5 Rc8
15. Bxd5 Qxd5 16. Rfd1 Qc6 17. h3 Rfd8 18. Rd3 Ne4 19. Rxd8+ Rxd8 20. Bd4 a6 21.
Bxg7 Kxg7 22. Nd4 Qd5 23. Qc2 e5 24. Nf3 Rd6 25. a3 Rc6 26. Qd1 Qb5 27. b4 Nc3
28. Qd2 Ne4 29. Qb2 f6 30. Rd1 Rc3 31. Qa2 Qc6 32. Rd8 Qc4 33. Rd7+ Kh6 34. Qxc4
Rxc4 35. Ne1 Rc1 36. Kf1 Ra1 37. f3 Ng3+ 38. Kf2 Nf5 39. Nc2 Ra2 40. Rd2 Nd6 41.
Rxd6 Rxc2+ 42. Kg3 Rc3 43. a4 f5 44. Rb6 Rxe3 45. Rxb7 Re2 46. Re7 f4+ 47. Kh2
Rb2 48. Rxe5 Rxb4 49. a5 Ra4 50. h4 Kg7 51. h5 Kh6 52. hxg6 hxg6 53. Kh3 Ra2 54.
Rc5 Kg7 55. Kg4 Rxg2+ 56. Kxf4 Ra2 57. Ke5 Re2+ 58. Kd4 Rf2 59. Ke3 Ra2 60. f4
Kf6 61. Rc6+ Kf5 62. Rxa6 Ra3+ 1/2-1/2